[Event "38th Reykjavik op"]
[Site "Reykjavik ISL"]
[Date "2025.04.10"]
[Round "3.63"]
[White "Kunz, Andre"]
[Black "Vreugdenhil, Frans"]
[WhiteElo "2115"]
[BlackElo "1892"]
[Result "1-0"]
[EventDate "2025.04.09"]
[PlyCount "65"]

1. e4 e5 2. Nf3 Nc6 3. Bc4 Nf6 4. d3 Be7 5. O-O d6 6. a4 O-O 7. a5 a6 8. c3 Kh8
9. Ng5 d5 10. exd5 Nxd5 11. Qh5 Bxg5 12. Bxg5 Qd6 13. Nd2 Be6 14. Ne4 Qd7 15.
Nc5 Qc8 16. Qf3 Nf4 17. Bxf4 Bxc4 18. dxc4 exf4 19. Qxf4 b6 20. Nb3 f6 21. Qe4
Ne5 22. f4 Ng6 23. Rfe1 Qd7 24. Nd4 Rfe8 25. Qf3 Ne7 26. Rad1 Ng6 27. Ne6 Qc8
28. Qc6 bxa5 29. Rd7 Ra7 30. Red1 Qb8 31. Nxg7 Qxb2 32. Nxe8 Qe2 33. Nxf6 1-0

[Event "38th Reykjavik op"]
[Site "Reykjavik ISL"]
[Date "2025.04.10"]
[Round "3.64"]
[White "Grose, Kameron"]
[Black "Balje, Jan"]
[WhiteElo "1882"]
[BlackElo "2125"]
[Result "0-1"]
[EventDate "2025.04.09"]
[PlyCount "106"]

1. e4 c6 2. Nf3 d5 3. Nc3 Bg4 4. h3 Bxf3 5. Qxf3 e6 6. g3 d4 7. Nb1 Nd7 8. d3
h5 9. Bg2 h4 10. g4 e5 11. Qe2 g5 12. Nd2 Ne7 13. Nc4 Ng6 14. a4 Bb4+ 15. Kf1
O-O 16. Qf3 f6 17. Kg1 Kg7 18. Kh2 Qe7 19. b3 b6 20. Rd1 a6 21. Ba3 Nf4 22. Bf1
b5 23. Bxb4 Qxb4 24. Na3 Rfb8 25. Nb1 Nc5 26. Nd2 Kg6 27. Kg1 bxa4 28. bxa4
Nxa4 29. Nc4 Nc3 30. Rdc1 a5 31. Kh2 a4 32. Qh1 a3 33. Bg2 a2 34. Bf3 Qa4 35.
Qe1 Rb4 36. Nd2 Rab8 37. Bd1 Qb5 38. Nb3 Kg7 39. Qd2 Qb6 40. f3 Qa7 41. Qf2
R8b5 42. Qd2 Qb6 43. Qf2 Ne6 44. Be2 Kf7 45. Kg1 Nc5 46. Nd2 Rb1 47. f4 exf4
48. Bf1 Rxc1 49. Rxc1 Rb1 50. Nxb1 Nxb1 51. Qxd4 Nd7 52. Qxb6 Nxb6 53. Kf2 a1=Q
0-1

[Event "38th Reykjavik op"]
[Site "Reykjavik ISL"]
[Date "2025.04.10"]
[Round "3.65"]
[White "Hauksdottir, Hrund"]
[Black "Agbabishvili, Lali"]
[WhiteElo "1875"]
[BlackElo "2119"]
[Result "0-1"]
[EventDate "2025.04.09"]
[PlyCount "72"]

1. e4 c5 2. Nf3 d6 3. d4 cxd4 4. Nxd4 Nf6 5. Nc3 a6 6. a3 g6 7. Be2 Bg7 8. Be3
O-O 9. Qd2 Nc6 10. O-O-O Nxd4 11. Bxd4 b5 12. h4 Rb8 13. h5 b4 14. axb4 Rxb4
15. Nd5 Rxd4 16. Qxd4 Nxd5 17. Qxd5 Qb6 18. Qb3 Qxf2 19. Bc4 Qf4+ 20. Kb1 Qe5
21. hxg6 hxg6 22. Rhf1 e6 23. Rfe1 Bd7 24. c3 Bc6 25. Bd3 Qa5 26. Bc2 Be5 27.
Rd3 Bb5 28. Rf3 Rc8 29. Kc1 Qd8 30. Kb1 Rb8 31. Qa3 Qg5 32. g3 Qd2 33. Rd1 Qg2
34. Re3 Qf2 35. Ree1 Be2 36. Ka1 Bxd1 0-1

[Event "38th Reykjavik op"]
[Site "Reykjavik ISL"]
[Date "2025.04.10"]
[Round "3.66"]
[White "Adair, Derek"]
[Black "Clyde, Jordan"]
[WhiteElo "1865"]
[BlackElo "2095"]
[Result "0-1"]
[EventDate "2025.04.09"]
[PlyCount "48"]

1. d4 d6 2. Nf3 Bg4 3. c4 Nd7 4. Nc3 Ngf6 5. e4 c5 6. Be2 cxd4 7. Nxd4 Bxe2 8.
Qxe2 g6 9. Be3 Bg7 10. O-O O-O 11. f3 Rc8 12. b3 a6 13. Qd2 Re8 14. Rac1 Qa5
15. Nce2 Qxd2 16. Bxd2 e6 17. Bc3 d5 18. exd5 exd5 19. cxd5 Nxd5 20. Bd2 Ne5
21. Rxc8 Rxc8 22. Ng3 Nc4 23. Rc1 Bxd4+ 24. Kh1 Ncb6 0-1

[Event "38th Reykjavik op"]
[Site "Reykjavik ISL"]
[Date "2025.04.10"]
[Round "3.68"]
[White "Boer, Alef"]
[Black "Van Meter, Lester"]
[WhiteElo "2044"]
[BlackElo "1857"]
[Result "1-0"]
[EventDate "2025.04.09"]
[PlyCount "89"]

1. e4 c5 2. Nf3 g6 3. c3 d5 4. exd5 Qxd5 5. d4 Nc6 6. Na3 Bg4 7. Be2 O-O-O 8.
dxc5 Qe4 9. Qc2 Bxf3 10. gxf3 Qxc2 11. Nxc2 e5 12. b4 Bh6 13. Bxh6 Nxh6 14. Ne3
Rd7 15. Rd1 Rhd8 16. Rxd7 Rxd7 17. h4 Nd8 18. Bb5 Nc6 19. h5 g5 20. Rg1 f6 21.
Ke2 a6 22. Bd3 Kc7 23. Bf5 Nxf5 24. Nxf5 Ne7 25. Nxe7 Rxe7 26. Ke3 Re6 27. Ke4
Kd7 28. Rd1+ Ke7 29. Rd5 Rc6 30. Kf5 a5 31. Rd6 axb4 32. cxb4 Rc8 33. Re6+ Kd7
34. Rxf6 Ra8 35. Rf7+ Kc6 36. Rf6+ Kd5 37. Rd6+ Kc4 38. Rb6 Rxa2 39. Rxb7 Rxf2
40. Kxg5 Rxf3 41. Rxh7 e4 42. Re7 Kxb4 43. c6 Kb5 44. c7 Rc3 45. h6 1-0

[Event "38th Reykjavik op"]
[Site "Reykjavik ISL"]
[Date "2025.04.10"]
[Round "3.69"]
[White "Mize, Dylan"]
[Black "Verbitsky, Jaroslaw"]
[WhiteElo "1826"]
[BlackElo "2065"]
[Result "0-1"]
[EventDate "2025.04.09"]
[PlyCount "70"]

1. Nf3 Nf6 2. g3 d5 3. Bg2 c5 4. c4 d4 5. e3 Nc6 6. exd4 cxd4 7. d3 e5 8. O-O
Bd6 9. Re1 O-O 10. a3 a5 11. Qc2 Nd7 12. Ng5 a4 13. Ne4 Bc7 14. b4 axb3 15.
Qxb3 h6 16. c5 Kh7 17. Qc2 f5 18. Ned2 e4 19. dxe4 f4 20. e5+ Kh8 21. Bxc6 bxc6
22. Nc4 fxg3 23. hxg3 Nxc5 24. Qg6 Bf5 25. Qxc6 Nb3 26. Bxh6 Nxa1 27. e6 Qe7
28. Bxg7+ Kxg7 29. Nbd2 Nc2 30. Rc1 Nxa3 31. Nxa3 Rxa3 32. Qb7 Rc3 33. Re1 Qd6
34. Ne4 Qc6 35. e7 Qxb7 0-1

[Event "38th Reykjavik op"]
[Site "Reykjavik ISL"]
[Date "2025.04.10"]
[Round "3.70"]
[White "Hellerud, Lauritz Nissen"]
[Black "Subervi, Jonathan"]
[WhiteElo "1821"]
[BlackElo "2020"]
[Result "1/2-1/2"]
[EventDate "2025.04.09"]
[PlyCount "44"]

1. c4 e6 2. e4 c5 3. Nc3 Nc6 4. g3 g6 5. Bg2 Bg7 6. Nge2 Nge7 7. O-O d6 8. d3
Rb8 9. Be3 Nd4 10. b4 Nxe2+ 11. Nxe2 Bxa1 12. Qxa1 e5 13. bxc5 Nc6 14. cxd6
Qxd6 15. d4 f6 16. d5 Nd8 17. c5 Qa6 18. Qb2 Nf7 19. Nc3 O-O 20. Rb1 Bd7 21.
Qb4 f5 22. exf5 Bxf5 1/2-1/2

[Event "38th Reykjavik op"]
[Site "Reykjavik ISL"]
[Date "2025.04.10"]
[Round "3.71"]
[White "Divry, Alexandre"]
[Black "Sigurdsson, Smari"]
[WhiteElo "2036"]
[BlackElo "1807"]
[Result "1-0"]
[EventDate "2025.04.09"]
[PlyCount "79"]

1. d4 f5 2. c4 Nf6 3. g3 e6 4. Bg2 Be7 5. Nf3 O-O 6. Nc3 d6 7. O-O Ne4 8. Nd2
Nxc3 9. bxc3 e5 10. Nb3 c6 11. c5 e4 12. cxd6 Bxd6 13. Rb1 Nd7 14. Nd2 Nf6 15.
Nc4 Bc7 16. Ne5 Qe7 17. Qb3+ Kh8 18. Ba3 Bd6 19. Bxd6 Qxd6 20. Nf7+ Rxf7 21.
Qxf7 b5 22. Qb3 Be6 23. Qc2 Re8 24. a4 a6 25. axb5 cxb5 26. Qb2 Bc4 27. Ra1 Qe6
28. Rfc1 h6 29. e3 Rc8 30. Qa3 Rc6 31. Qf8+ Kh7 32. Ra5 Nd7 33. Qb4 Nf6 34.
Rca1 Nd5 35. Qa3 Nc7 36. Qf8 g6 37. h3 h5 38. Qd8 Bd5 39. R5a3 Bb3 40. Rxb3 1-0

[Event "38th Reykjavik op"]
[Site "Reykjavik ISL"]
[Date "2025.04.10"]
[Round "3.72"]
[White "Osorio Ferrer, Roberto Eduardo"]
[Black "Boissonnier, Kimo"]
[WhiteElo "1803"]
[BlackElo "2019"]
[Result "0-1"]
[EventDate "2025.04.09"]
[PlyCount "122"]

1. e4 Nf6 2. e5 Nd5 3. c4 Nb6 4. d4 d6 5. f4 dxe5 6. fxe5 Nc6 7. Be3 Bf5 8. Nc3
e6 9. Be2 Be7 10. Nf3 O-O 11. O-O f6 12. exf6 Bxf6 13. h3 h6 14. Qd2 Qe7 15.
Rad1 Rad8 16. Kh1 Rd7 17. Bg1 Rfd8 18. c5 Nd5 19. Bb5 Bg6 20. Bxc6 bxc6 21.
Rfe1 Nb4 22. Ne4 Bxe4 23. Rxe4 Rb8 24. Qe2 Nxa2 25. Ra1 Nb4 26. Rxe6 Qf7 27.
Rxa7 Nd5 28. Rxc6 Re7 29. Qd2 Nb4 30. Rxf6 Qxf6 31. Bh2 Nd5 32. Be5 Qf5 33. Qc1
Qd3 34. Ra3 Qe2 35. Ng1 Qxb2 36. Qxb2 Rxb2 37. Rg3 Rf7 38. Nf3 Ne3 39. Ng1 Nc4
40. Nf3 Rb1+ 41. Kh2 Kh7 42. h4 Ne3 43. Ng5+ hxg5 44. Rxe3 gxh4 45. Kh3 g5 46.
Re2 Rb3+ 47. Kg4 Kg6 48. Ra2 c6 49. Ra6 Rf6 50. d5 Rb4+ 51. Kh3 Rf1 52. Rxc6+
Kh5 53. g4+ hxg3 54. Bxg3 Rb2 55. Rh6+ Kxh6 56. Kg4 Rb4+ 57. Kh3 Rf3 58. d6
Rbb3 59. c6 Rxg3+ 60. Kh2 Rgd3 61. d7 Rbc3 0-1

[Event "38th Reykjavik op"]
[Site "Reykjavik ISL"]
[Date "2025.04.10"]
[Round "3.73"]
[White "Luk, Danbe"]
[Black "Chaney, Ari"]
[WhiteElo "2018"]
[BlackElo "1798"]
[Result "1-0"]
[EventDate "2025.04.09"]
[PlyCount "107"]

1. d4 f5 2. Bf4 Nf6 3. e3 e6 4. Be2 Nc6 5. Nf3 Bd6 6. O-O O-O 7. c4 Bxf4 8.
exf4 Ne4 9. d5 Ne7 10. dxe6 d6 11. Nd4 Nc5 12. Nc3 Nxe6 13. g3 Nxd4 14. Qxd4
Bd7 15. Rad1 Bc6 16. c5 Nc8 17. b4 Qf6 18. Qxf6 Rxf6 19. b5 Be8 20. Nd5 Rf7 21.
Rfe1 Kf8 22. cxd6 Nxd6 23. Nxc7 Rxc7 24. Rxd6 Rd7 25. Rxd7 Bxd7 26. a4 b6 27.
Bf3 Rc8 28. Bd5 Rc5 29. Bb3 Rc3 30. Bd5 Rc5 31. Bb3 Rc3 32. Re3 Rxe3 33. fxe3
Ke7 34. Kf2 h6 35. e4 fxe4 36. Ke3 Kd6 37. Kxe4 Bh3 38. Bd1 Ke6 39. g4 Bg2+ 40.
Bf3 Bf1 41. f5+ Kd6 42. h4 Bc4 43. Bd1 Ba2 44. Bc2 Bd5+ 45. Kf4 Ke7 46. Ke5 Ba2
47. g5 hxg5 48. hxg5 Bc4 49. Bd1 Ba2 50. f6+ gxf6+ 51. gxf6+ Kf7 52. Bf3 Bb3
53. Bd5+ Bxd5 54. Kxd5 1-0

[Event "38th Reykjavik op"]
[Site "Reykjavik ISL"]
[Date "2025.04.10"]
[Round "3.74"]
[White "Chompas, Vasileios"]
[Black "Mrozowski, Nikodem"]
[WhiteElo "1711"]
[BlackElo "1984"]
[Result "1-0"]
[EventDate "2025.04.09"]
[PlyCount "89"]

1. d4 Nf6 2. c4 g6 3. Nf3 Bg7 4. g3 O-O 5. Bg2 c5 6. O-O cxd4 7. Nxd4 Nc6 8.
Nc3 Qb6 9. Nb3 d6 10. Nd5 Nxd5 11. cxd5 Ne5 12. Be3 Qd8 13. Bd4 b6 14. f4 Nd7
15. Bxg7 Kxg7 16. Nd4 Nb8 17. e4 Ba6 18. Rf2 b5 19. Rc1 Qb6 20. Nc6 Nxc6 21.
Rxc6 Qb7 22. Qd4+ Kg8 23. Bf1 Rac8 24. Rfc2 Qd7 25. Qc3 Bb7 26. Rc7 Qg4 27. Qd3
Rb8 28. Rxe7 Rfc8 29. Rec7 Rxc7 30. Rxc7 a6 31. Be2 Qh3 32. Qa3 h5 33. Qxd6 h4
34. Qf6 Rf8 35. Qxh4 Qxh4 36. gxh4 Ba8 37. Bf3 Rd8 38. h5 gxh5 39. f5 h4 40.
Kf2 Re8 41. d6 Rd8 42. e5 Bxf3 43. Kxf3 f6 44. e6 Rxd6 45. Rc8+ 1-0

[Event "38th Reykjavik op"]
[Site "Reykjavik ISL"]
[Date "2025.04.10"]
[Round "3.75"]
[White "Balton, Tim"]
[Black "Borne, Milan"]
[WhiteElo "1988"]
[BlackElo "1673"]
[Result "1-0"]
[EventDate "2025.04.09"]
[PlyCount "75"]

1. d4 Nf6 2. e3 e6 3. Bd3 c5 4. c3 Nc6 5. f4 b6 6. Nf3 Bb7 7. Nbd2 Be7 8. O-O
O-O 9. e4 d6 10. b3 Qc7 11. Bb2 Rfd8 12. Rc1 Rac8 13. Qe2 Qb8 14. g4 Nxg4 15.
d5 Na5 16. b4 c4 17. Bb1 Re8 18. bxa5 exd5 19. Nd4 Nf6 20. axb6 axb6 21. e5
dxe5 22. Qxe5 Bd6 23. Qf5 Rcd8 24. Kh1 Bc8 25. Qg5 h6 26. Qh4 Be7 27. Rg1 Kf8
28. Rcf1 Bc5 29. Qg3 Nh5 30. Qh4 Nf6 31. N2f3 Be7 32. Ne5 Ne4 33. Qh5 Nd6 34.
Ba3 g6 35. Qxh6+ Kg8 36. Rxg6+ fxg6 37. Qxg6+ Kf8 38. Qh6+ 1-0

[Event "38th Reykjavik op"]
[Site "Reykjavik ISL"]
[Date "2025.04.10"]
[Round "3.76"]
[White "Sparwel, Oliver"]
[Black "Gudmundsson, Eirikur Orri"]
[WhiteElo "1987"]
[BlackElo "1551"]
[Result "1-0"]
[EventDate "2025.04.09"]
[PlyCount "67"]

1. d4 d5 2. c4 Nf6 3. Nc3 g6 4. Nf3 Bg7 5. e3 O-O 6. b3 c6 7. Bb2 Bf5 8. Bd3
Bxd3 9. Qxd3 Re8 10. O-O e6 11. Rfd1 a6 12. c5 b6 13. cxb6 Qxb6 14. Rac1 c5 15.
Na4 Qb5 16. Rxc5 Qxd3 17. Rxd3 Ne4 18. Rc7 a5 19. Ba3 Na6 20. Rc1 Bf8 21. Bxf8
Rxf8 22. Rdd1 Rac8 23. Ne5 Nb4 24. f3 Nd6 25. a3 Rxc1 26. Rxc1 Na2 27. Rc2 Rb8
28. Nc5 Nb4 29. axb4 axb4 30. Ra2 Nf5 31. Kf2 f6 32. Ned7 Rd8 33. Ra7 Nd6 34.
Nxf6+ 1-0

[Event "38th Reykjavik op"]
[Site "Reykjavik ISL"]
[Date "2025.04.10"]
[Round "3.78"]
[White "Kjartansson, Gudmundur"]
[Black "Adams, Henry"]
[WhiteElo "2450"]
[BlackElo "2077"]
[Result "1-0"]
[EventDate "2025.04.09"]
[PlyCount "63"]

1. c4 Nf6 2. Nc3 e5 3. g3 d5 4. cxd5 Nxd5 5. Bg2 Nxc3 6. bxc3 Nc6 7. Rb1 Be7 8.
d3 O-O 9. Nf3 Rb8 10. O-O Be6 11. Qa4 a6 12. Rd1 b5 13. Qc2 Qc8 14. Ng5 Bxg5
15. Bxg5 Na5 16. Qb2 f6 17. Be3 c6 18. Qa3 Qc7 19. Bc5 Rfd8 20. Be7 Rd7 21. Bb4
Nb7 22. Qxa6 Nd8 23. a4 Rb6 24. Qa5 Nb7 25. Qa7 c5 26. a5 Rbd6 27. a6 cxb4 28.
axb7 Rb6 29. cxb4 Bd5 30. Qa8+ Qd8 31. Bxd5+ Rxd5 32. Rdc1 1-0

[Event "38th Reykjavik op"]
[Site "Reykjavik ISL"]
[Date "2025.04.10"]
[Round "3.79"]
[White "Omarsson, Adam"]
[Black "Niermann, Tristan"]
[WhiteElo "2072"]
[BlackElo "2427"]
[Result "0-1"]
[EventDate "2025.04.09"]
[PlyCount "110"]

1. d4 Nf6 2. c4 g6 3. Nc3 d5 4. cxd5 Nxd5 5. e4 Nxc3 6. bxc3 Bg7 7. Nf3 c5 8.
Rb1 O-O 9. Be2 cxd4 10. cxd4 Qa5+ 11. Bd2 Qxa2 12. O-O Bg4 13. Bg5 h6 14. Be3
Nc6 15. d5 Na5 16. Bc5 Bf6 17. e5 Bxe5 18. Bxe7 Rfe8 19. d6 Bxd6 20. Ra1 Qe6
21. Bxd6 Nc6 22. Re1 Rad8 23. Bb5 Qxe1+ 24. Qxe1 Rxe1+ 25. Nxe1 Rxd6 26. Bxc6
Rxc6 27. f3 Be6 28. Rxa7 Rc1 29. Kf2 b5 30. Rb7 Bc4 31. f4 Rb1 32. g4 Kg7 33.
Rb6 Rb2+ 34. Kg3 Bd5 35. f5 gxf5 36. gxf5 b4 37. Kf4 Rxh2 38. Ke5 Re2+ 39. Kxd5
Rxe1 40. Rxb4 Kf6 41. Rh4 Kxf5 42. Rxh6 Rd1+ 43. Kc4 Kg5 44. Rh8 f5 45. Kc3 f4
46. Kc2 Rd7 47. Rg8+ Kh4 48. Rg6 f3 49. Rg8 f2 50. Rh8+ Kg3 51. Rg8+ Kh2 52.
Rh8+ Kg2 53. Rg8+ Kf1 54. Rg6 Rd5 55. Rg8 Ke2 0-1

[Event "38th Reykjavik op"]
[Site "Reykjavik ISL"]
[Date "2025.04.10"]
[Round "3.80"]
[White "Weersing, Abigail R"]
[Black "Tahay, Alexis"]
[WhiteElo "2069"]
[BlackElo "2397"]
[Result "0-1"]
[EventDate "2025.04.09"]
[PlyCount "124"]

1. d4 Nf6 2. c4 e6 3. Nc3 Bb4 4. Qc2 d6 5. Nf3 O-O 6. Bd2 b6 7. e4 c5 8. a3
Bxc3 9. Bxc3 cxd4 10. Nxd4 Bb7 11. Bd3 Nbd7 12. O-O Ne5 13. Rfe1 Rc8 14. b3 a6
15. Bf1 Qc7 16. Rac1 Rfe8 17. Qb1 Qb8 18. Nf3 Nxf3+ 19. gxf3 Nh5 20. Qb2 Qc7
21. Qd2 e5 22. Qg5 Nf4 23. Bd2 Ne6 24. Qg3 f5 25. Bh3 Nd4 26. Rc3 Rf8 27. Kh1
Rf6 28. Bg5 Rf7 29. Rd3 Rcf8 30. Rxd4 exd4 31. Bxf5 Bc8 32. Bxc8 Qxc8 33. f4 b5
34. cxb5 axb5 35. f5 Qc3 36. Rc1 Qxg3 37. hxg3 Re8 38. f3 d5 39. exd5 Rxf5 40.
Bf4 Rxd5 41. Rd1 d3 42. Kg2 Ra8 43. a4 bxa4 44. bxa4 Rxa4 45. Bd2 Ra2 46. f4
Kf7 47. Kf3 h5 48. Ke3 Ra6 49. Bc3 Rg6 50. Ke4 Rd7 51. Kf3 Rc6 52. Bd2 Re6 53.
Be1 Kg6 54. g4 hxg4+ 55. Kxg4 Re2 56. Bc3 Rg2+ 57. Kf3 Rc2 58. Bd2 Kf5 59. Be3
Rh2 60. Bd2 g6 61. Be1 d2 62. Bg3 Rd3# 0-1

[Event "38th Reykjavik op"]
[Site "Reykjavik ISL"]
[Date "2025.04.10"]
[Round "3.81"]
[White "Thorfinnsson, Bragi"]
[Black "Borne, Niels"]
[WhiteElo "2375"]
[BlackElo "2071"]
[Result "1/2-1/2"]
[EventDate "2025.04.09"]
[PlyCount "104"]

1. e4 c6 2. Bc4 d5 3. Bb3 dxe4 4. Qh5 e6 5. Nc3 Nf6 6. Qe2 Nbd7 7. f3 exf3 8.
Nxf3 Nc5 9. d4 Nxb3 10. axb3 Be7 11. O-O O-O 12. Bf4 Nd5 13. Be5 Nxc3 14. bxc3
Bd7 15. Kh1 Be8 16. Bg3 Bd6 17. Bh4 Be7 18. Bf2 Qc7 19. Ne5 f6 20. Nd3 Bf7 21.
c4 Rfd8 22. Bg1 Bf8 23. c5 Rd7 24. c4 a6 25. Rae1 Re8 26. Qg4 Qd8 27. Nf4 Rde7
28. Rd1 Qc8 29. Nh5 Bg6 30. h3 Kh8 31. b4 Bf5 32. Qf3 Bc2 33. Rd2 Bg6 34. Nf4
Bf7 35. Nd3 Rd7 36. Re2 e5 37. dxe5 Bxc4 38. Rd1 Red8 39. Red2 Rxd3 40. Rxd3
Rxd3 41. Rxd3 Bxd3 42. Qxd3 fxe5 43. Bh2 Qe8 44. Qe4 Qe6 45. Bxe5 Kg8 46. Qf4
a5 47. bxa5 Bxc5 48. Kh2 Bf8 49. Bc7 Qd5 50. Qg3 c5 51. Be5 c4 52. Qc3 Bd6
1/2-1/2

[Event "38th Reykjavik op"]
[Site "Reykjavik ISL"]
[Date "2025.04.10"]
[Round "3.82"]
[White "Akesson, Ralf"]
[Black "Monteverde, Jonathan"]
[WhiteElo "2361"]
[BlackElo "2067"]
[Result "1-0"]
[EventDate "2025.04.09"]
[PlyCount "141"]

1. Nf3 c5 2. c4 g6 3. d4 cxd4 4. Nxd4 Nc6 5. e4 Nf6 6. Nc3 d6 7. Be2 Nxd4 8.
Qxd4 Bg7 9. Be3 O-O 10. Qd2 a5 11. O-O a4 12. f3 Qa5 13. Rab1 Be6 14. Rfc1 Rfc8
15. b4 axb3 16. axb3 Qb4 17. Rc2 Nd7 18. Nd5 Qxd2 19. Rxd2 Bxd5 20. Rxd5 Ra2
21. Kf1 Nc5 22. Bd1 b6 23. b4 Nd7 24. Bb3 Ra3 25. Rb5 Rca8 26. Bxb6 Ra1 27.
Rxa1 Rxa1+ 28. Ke2 Ra3 29. Bc2 Rc3 30. Bd3 Nxb6 31. Rxb6 Bd4 32. Rb7 Kf8 33.
Kd2 Rb3 34. Rb5 h5 35. Bc2 Be3+ 36. Ke2 Rc3 37. Bd3 Bd4 38. h3 Rb3 39. Kd2 Kg7
40. Rd5 Bg1 41. e5 Rxb4 42. exd6 exd6 43. Rxd6 Rb2+ 44. Bc2 Rb6 45. Rd5 Kf6 46.
Kc3 Ke6 47. Bb3 Bh2 48. Ra5 Bc7 49. Ra8 Be5+ 50. Kc2 Kd6 51. Ra5 Rb8 52. c5+
Kc6 53. Ba4+ Kc7 54. Ra7+ Rb7 55. Ra8 Rb8 56. Ra6 Kb7 57. Bb5 Rc8 58. c6+ Kc7
59. Kd3 Rd8+ 60. Kc4 Bd4 61. Ra2 Bb6 62. Re2 Kd6 63. f4 f6 64. g4 hxg4 65. hxg4
Rh8 66. Rd2+ Ke6 67. Rd7 Rh1 68. Ba4 Rc1+ 69. Kb4 f5 70. Bb3+ Kf6 71. g5# 1-0

[Event "38th Reykjavik op"]
[Site "Reykjavik ISL"]
[Date "2025.04.10"]
[Round "3.83"]
[White "Thorisson, Benedikt"]
[Black "Wartiovaara, Oliver"]
[WhiteElo "2065"]
[BlackElo "2359"]
[Result "1-0"]
[EventDate "2025.04.09"]
[PlyCount "65"]

1. e4 d6 2. d4 Nf6 3. Nc3 e5 4. Nf3 Nbd7 5. dxe5 dxe5 6. Bc4 Bc5 7. O-O O-O 8.
Bg5 h6 9. Bh4 c6 10. Qd2 b5 11. Bd3 Re8 12. Ne2 Nf8 13. Qc3 Qd6 14. Bxf6 gxf6
15. a3 a5 16. Ng3 Ng6 17. h3 Nf4 18. Rad1 b4 19. axb4 Bxb4 20. Qb3 a4 21. Qa2
Be6 22. Bc4 Qc5 23. Bxe6 fxe6 24. c3 Ba5 25. Nf5 h5 26. g3 Ne2+ 27. Kg2 a3 28.
Rd7 axb2 29. Qxb2 Qb5 30. Qd2 Nf4+ 31. gxf4 exf5 32. Qa2+ Kh8 33. Qf7 1-0

[Event "38th Reykjavik op"]
[Site "Reykjavik ISL"]
[Date "2025.04.10"]
[Round "3.84"]
[White "Bougain, Victor"]
[Black "Lohia, Sohum"]
[WhiteElo "2061"]
[BlackElo "2354"]
[Result "0-1"]
[EventDate "2025.04.09"]
[PlyCount "80"]

1. Nf3 d5 2. d4 Nf6 3. c4 e6 4. Nc3 dxc4 5. e3 a6 6. Bxc4 b5 7. Bd3 Bb7 8. O-O
c5 9. a3 Nbd7 10. Qe2 Be7 11. Rd1 Qc7 12. e4 cxd4 13. Nxd4 O-O 14. Bd2 Rfd8 15.
Bg5 Rac8 16. Rac1 Qb8 17. Nb3 Ne5 18. Bf4 Bd6 19. Bg3 Nfd7 20. f4 Nc4 21. e5
Be7 22. Be4 Nc5 23. Nxc5 Bxc5+ 24. Bf2 Be7 25. Bb1 Rxd1+ 26. Rxd1 Nxa3 27. Ba2
Nc4 28. f5 exf5 29. e6 Bd6 30. exf7+ Kxf7 31. Re1 Kg8 32. Bd4 Bf8 33. Qe6+ Kh8
34. Qf7 Qd6 35. Be5 Qc6 36. Re2 Bc5+ 37. Kf1 Nxe5 38. Rxe5 Qxg2+ 39. Ke1 Qf2+
40. Kd1 Qd4+ 0-1

[Event "38th Reykjavik op"]
[Site "Reykjavik ISL"]
[Date "2025.04.10"]
[Round "3.85"]
[White "Migot, Tangi"]
[Black "Gavran, Marinko"]
[WhiteElo "2347"]
[BlackElo "2054"]
[Result "1-0"]
[EventDate "2025.04.09"]
[PlyCount "91"]

1. Nf3 d5 2. g3 Nf6 3. Bg2 Bf5 4. O-O h6 5. d3 Nbd7 6. c4 c6 7. Nc3 e6 8. Be3
Be7 9. Qb3 Qc8 10. Rfc1 dxc4 11. Qxc4 O-O 12. b4 Nd5 13. Nxd5 exd5 14. Qb3 Bf6
15. Nd4 Nb6 16. b5 Qd7 17. Rab1 Rfc8 18. a4 Bxd4 19. Bxd4 Qe7 20. a5 Nd7 21. a6
bxa6 22. bxc6 Nb6 23. Qb2 Qd6 24. Bxg7 Rxc6 25. Rxc6 Qxc6 26. Bh8 Qg6 27. Bd4
Rb8 28. Bxd5 Rd8 29. Bf3 Bh3 30. Be4 f5 31. Bf3 Kh7 32. Bxb6 Qxb6 33. Qxb6 axb6
34. Rxb6 Rc8 35. Bc6 a5 36. f3 a4 37. Kf2 a3 38. Ra6 a2 39. Bd5 Rc1 40. Rxa2
Rh1 41. e4 Rxh2+ 42. Ke3 Rh1 43. exf5 Bxf5 44. Be4 Bxe4 45. dxe4 Kg6 46. Kf4
1-0

[Event "38th Reykjavik op"]
[Site "Reykjavik ISL"]
[Date "2025.04.10"]
[Round "3.86"]
[White "Muetsch, Annmarie"]
[Black "De Seroux, Camille"]
[WhiteElo "2329"]
[BlackElo "2049"]
[Result "1-0"]
[EventDate "2025.04.09"]
[PlyCount "65"]

1. e4 Nc6 2. Nf3 d6 3. d4 Nf6 4. Nc3 e6 5. d5 Ne7 6. Bg5 e5 7. Nh4 Neg8 8. Bb5+
Bd7 9. Bxd7+ Qxd7 10. O-O h6 11. Bd2 g6 12. Qe2 Be7 13. Nf3 Nh5 14. a4 Ngf6 15.
Ne1 g5 16. g3 g4 17. f3 gxf3 18. Qxf3 Rg8 19. Nd3 Ng7 20. Bxh6 Qh3 21. Bxg7
Rxg7 22. Nf2 Qh6 23. Nb5 O-O-O 24. Nxa7+ Kb8 25. Nc6+ bxc6 26. dxc6 Ka7 27. Qc3
Ka6 28. Qc4+ Ka7 29. Qb5 Qxh2+ 30. Kxh2 Rh8+ 31. Kg2 Rxg3+ 32. Kxg3 Nh5+ 33.
Kf3 1-0

[Event "38th Reykjavik op"]
[Site "Reykjavik ISL"]
[Date "2025.04.10"]
[Round "3.87"]
[White "Roubert, Emile"]
[Black "Papadiamandis, Elliot"]
[WhiteElo "2050"]
[BlackElo "2315"]
[Result "0-1"]
[EventDate "2025.04.09"]
[PlyCount "82"]

1. e4 c5 2. Nf3 d6 3. d4 cxd4 4. Nxd4 Nf6 5. Nc3 a6 6. a4 e6 7. Be2 Be7 8. O-O
O-O 9. Kh1 Qc7 10. f4 b6 11. Bf3 Bb7 12. e5 dxe5 13. fxe5 Nfd7 14. Bf4 Nc6 15.
Nxc6 Bxc6 16. Bxc6 Qxc6 17. Qh5 f6 18. exf6 Bxf6 19. Bd2 Nc5 20. Qe2 Rad8 21.
Rfe1 b5 22. axb5 axb5 23. Be3 Bxc3 24. Bxc5 Bxe1 25. Bxf8 Rd2 26. Qg4 Kxf8 27.
Rxe1 Rxc2 28. Rd1 h6 29. Qg6 Rc1 30. Qd3 Rxd1+ 31. Qxd1 Qd5 32. Qe2 e5 33. h3
e4 34. Kg1 Ke7 35. Kf2 Qd4+ 36. Kg3 Qe5+ 37. Kf2 Kd6 38. Ke3 Kc5 39. Qc2+ Kb4
40. Qd2+ Kb3 41. Qe2 Qc5+ 0-1

[Event "38th Reykjavik op"]
[Site "Reykjavik ISL"]
[Date "2025.04.10"]
[Round "3.88"]
[White "Brackmann, Hendrik"]
[Black "Frayna, Janelle Mae"]
[WhiteElo "2040"]
[BlackElo "2311"]
[Result "1/2-1/2"]
[EventDate "2025.04.09"]
[PlyCount "53"]

1. e4 c6 2. d4 d5 3. e5 Bf5 4. h4 h5 5. Bg5 Qb6 6. Bd3 Qxd4 7. Nf3 Qg4 8. Bxf5
Qxf5 9. O-O e6 10. c4 Nd7 11. Nc3 dxc4 12. Qd4 Ne7 13. Rad1 Nd5 14. Qxc4 N7b6
15. Qb3 Be7 16. Nxd5 exd5 17. Nd4 Qd7 18. e6 fxe6 19. Nxe6 Bxg5 20. hxg5 Kf7
21. Qf3+ Kxe6 22. Rfe1+ Kd6 23. Qg3+ Kc5 24. Qa3+ Kb5 25. Qb3+ Ka5 26. Qc3+ Kb5
27. Qb3+ 1/2-1/2

[Event "38th Reykjavik op"]
[Site "Reykjavik ISL"]
[Date "2025.04.10"]
[Round "3.89"]
[White "De Mey, Juan Pablo"]
[Black "George Samir, David"]
[WhiteElo "2030"]
[BlackElo "2303"]
[Result "0-1"]
[EventDate "2025.04.09"]
[PlyCount "66"]

1. e4 c5 2. Nf3 d6 3. d4 cxd4 4. Nxd4 Nf6 5. Nc3 a6 6. Bg5 Nbd7 7. f3 b5 8. Qd2
Bb7 9. a4 b4 10. Na2 a5 11. c3 bxc3 12. Nxc3 g6 13. h4 h5 14. Be2 Bg7 15. O-O-O
Rc8 16. Kb1 O-O 17. Bh6 Ne5 18. Bxg7 Kxg7 19. Rc1 Rh8 20. Rhd1 Nfd7 21. b3 Nc5
22. Kb2 Qb6 23. Ndb5 Rcd8 24. f4 Ned7 25. Bf3 Nf6 26. Qe2 e5 27. g3 d5 28. fxe5
Nfxe4 29. Ka2 Qe6 30. Nd6 Nxb3 31. Nxb7 Nxc1+ 32. Rxc1 d4+ 33. Ka1 Nxc3 0-1

[Event "38th Reykjavik op"]
[Site "Reykjavik ISL"]
[Date "2025.04.10"]
[Round "3.90"]
[White "Bjoernsson, Sigurbjoern"]
[Black "Cigan, Jason"]
[WhiteElo "2303"]
[BlackElo "2044"]
[Result "0-1"]
[EventDate "2025.04.09"]
[PlyCount "94"]

1. e4 e5 2. Nf3 Nc6 3. Bb5 a6 4. Ba4 Nf6 5. O-O b5 6. Bb3 Bc5 7. Re1 d6 8. c3
Bb6 9. d4 O-O 10. Bg5 h6 11. Bh4 g5 12. Bg3 Qe7 13. Bd5 Bd7 14. dxe5 dxe5 15.
Bxc6 Bxc6 16. Nxe5 Bb7 17. Nd2 Rad8 18. Qe2 Rfe8 19. Rad1 h5 20. h3 Rxd2 21.
Rxd2 Nxe4 22. Rd3 h4 23. Ng4 hxg3 24. Rxg3 Nxg3 25. Qxe7 Rxe7 26. Rxe7 Kf8 27.
Rd7 Ne4 28. Nh6 Nd6 29. Rd8+ Ke7 30. Rg8 f6 31. g3 Ne4 32. Nf5+ Kf7 33. Rb8 Bd5
34. Nd4 Nd2 35. Rd8 c6 36. Rb8 Bxd4 37. cxd4 Nf3+ 38. Kf1 Nxd4 39. h4 gxh4 40.
gxh4 Bxa2 41. h5 Kg7 42. Ra8 Bc4+ 43. Kg2 Be2 44. Rxa6 Bxh5 45. Kg3 Bf3 46.
Ra7+ Kg6 47. Rd7 Bd5 0-1